000
00292nam a2200121Ia 4500
008
190723s9999 xx 000 0 und d
020
_a
978-81-265-5038-8
100
_a
Dean Abbott
245
0
_a
Applied Predictive Analytics
260
_a
Indiana
_b
Wiley
_c
2014
300
_a
427.:p
942
_c
BK
999
_c
1607
_d
1607